Statistics for UEFA Team of 2014

Click here to take the quiz!

General Stats

  • This quiz has been taken 18 times
  • The average score is 9 of 11

Answer Stats

Pos.ClubPlayer% Correct
FWReal MadridCristiano Ronaldo
94%
FWBarcelonaLionel Messi
94%
GKBayern MunichManuel Neuer
94%
DEFBayern MunichDavid Alaba
88%
DEFBayern MunichPhilipp Lahm
88%
DEFReal MadridSergio Ramos
88%
DEFParis Saint-GermainThiago Silva
81%
FWParis Saint-GermainZlatan Ibrahimovic
81%
MFBorussia DortmundMarco Reus
75%
MFArsenalMesut Ozil
75%
MFReal MadridGareth Bale
44%

Score Distribution

Percentile by Number Answered

Percent of People with Each Score

Your Score History

You have not taken this quiz